| Tag |
First Indicator |
Second Indicator |
Subfields |
| LEADER |
00000cam a2200000 4500 |
| 001 |
in00000064853 |
| 005 |
20151008050718.0 |
| 008 |
751017s1947 paud 10000 eng |
| 010 |
|
|
|a 47005510
|
| 035 |
|
|
|a (OCoLC)01711262
|
| 035 |
|
|
|9 AAG2831AM
|
| 040 |
|
|
|a DLC
|c FQG
|d TXA
|d UtOrBLW
|
| 049 |
|
|
|a TXAM
|c [153308]
|
| 050 |
0 |
0 |
|a TX147
|b .C7 1946
|
| 082 |
0 |
|
|a 339.406373
|
| 092 |
|
|
|a 339.4063
|b C748m
|
| 111 |
2 |
|
|a Conference on Experimental Method
|n (2d :
|d 1946 :
|c University of Pennsylvania)
|
| 245 |
1 |
0 |
|a Measurement of consumer interest /
|c ed. by C. West Churchman, Russell L. Ackoff [and] Muray Wax.
|
| 264 |
|
1 |
|a Philadelphia :
|b Univ. of Pennsylvania Press,
|c 1947.
|
| 300 |
|
|
|a 214 pages :
|b diagrams ;
|c 24 cm.
|
| 336 |
|
|
|a text
|b txt
|2 rdacontent
|
| 337 |
|
|
|a unmediated
|b n
|2 rdamedia
|
| 338 |
|
|
|a volume
|b nc
|2 rdacarrier
|
| 650 |
|
0 |
|a Consumers.
|
| 650 |
|
0 |
|a Public opinion polls.
|
| 650 |
|
0 |
|a Sampling (Statistics)
|
| 700 |
1 |
|
|a Churchman, C. West
|q (Charles West),
|d 1913-2004.
|
| 999 |
|
|
|a MARS
|
| 999 |
f |
f |
|s cd75cd5e-786c-3c9c-80ed-789b52c7889f
|i 6b24f159-4847-3492-a15b-ac201f82e2c3
|t 0
|
| 952 |
f |
f |
|p ric
|a Texas A&M University
|b Rellis Campus
|c Joint Library Facility
|d Remote Storage
|t 0
|e TX147 .C7 1946
|h Library of Congress classification
|i unmediated -- volume
|m A14800778888
|
| 998 |
f |
f |
|a TX147 .C7 1946
|t 0
|l Remote Storage
|